| 000 | 00354nam a2200145Ia 4500 | ||
|---|---|---|---|
| 008 | 210324s9999||||xx |||||||||||||| ||und|| | ||
| 040 | _cSTCPL | ||
| 041 | _hMAL | ||
| 082 |
_a954.0409548 _bMAD-K |
||
| 245 | 0 |
_aKerala charitham _hകേരളചരിതം |
|
| 260 |
_a___ _b___ _c1963 |
||
| 300 | _a53 | ||
| 650 | _aMalayalamENGLISH ESSAYS | ||
| 942 | _cBK | ||
| 999 |
_c8212 _d8212 |
||